| 000 | 00520nam a2200121Ia 4500 | ||
|---|---|---|---|
| 008 | 231221s9999 xx 000 0 und d | ||
| 041 | _aEnglish | ||
| 082 | _aQPMBBSUG04-1782 | ||
| 245 | 0 | _aMicrobiology (Bacteriology and Immunology) (New Regulations) Paper-I [e resource : question paper] : Second MBBS degree exam, Apr/May 2004 (506-A) | |
| 260 |
_c2004/05 _bNTRU _aAndra Pradesh |
||
| 650 | _aMicrobiology,(Bacteriology,Immunology),(New,Regulations),Paper-I,[e,:,paper],:,MBBS,exam,,Apr/May,2004,(506-A) | ||
| 942 | _cDL | ||
| 999 |
_c205655 _d205655 |
||